000 00390 a2200169 4500
001 73659
020 _a850805126-3
040 _cAnchieta - Colégio São Paulo
100 _aDinis, Júlio
240 1 0 _aAs Pupilas do Senhor Reitor
_lpor
245 1 0 _aAs Pupilas do Senhor Reitor
300 _a263
362 0 _a1998
440 1 _aÁtica
650 4 _aFicção portuguesa
942 _cBK
999 _c73659
_d73659